Antai: las historias del príncipe de los Licanantai

محفوظ في:
التفاصيل البيبلوغرافية
المؤلف الرئيسي: Schkolnik, Saúl (مؤلف)
التنسيق: كتاب
اللغة:الإسبانية
منشور في: Santiago Andrés Bello 1994
الطبعة:2a. ed
الموضوعات:
الوسوم: إضافة وسم
لا توجد وسوم, كن أول من يضع وسما على هذه التسجيلة!

MARC

LEADER 00000nam a2200000 a 4500
001 UCX9217
003 CL-VaPUC
008 940523e19940000CL |||||||||||||||||spa|d
082 0 4 |a Ch863  |b SCH  |2 21 
100 0 |a Schkolnik, Saúl  |e author  |9 326581 
245 1 0 |a Antai: las historias del príncipe de los Licanantai 
250 |a 2a. ed 
300 |a 94 p 
942 |c BK 
945 |d 19940523 00:00:00  |a oaravena 
260 |a Santiago  |b Andrés Bello  |c 1994 
650 0 |a Cuentos chilenos   |9 308280 
583 |a last modification  |c 19940523 00:00:00  |k Rodrigo Vera 
999 |c 228525  |d 228523 
952 |0 0  |1 0  |4 0  |6 CH_863_000000000000000_SCH_1994  |7 0  |8 A  |9 228701  |a BIBEDU  |b BIBEDU  |d 2019-11-15  |i 2978377  |o Ch863 SCH 1994  |p 2978377  |r 2019-11-15  |w 2019-11-15  |y BK  |k EPE 
952 |0 0  |1 0  |4 0  |6 CH_863_000000000000000_SCH_1994  |7 0  |8 A  |9 228702  |a BIBEDU  |b BIBEDU  |d 2019-11-15  |i 2978385  |o Ch863 SCH 1994  |p 2978385  |r 2019-11-15  |w 2019-11-15  |y BK  |k EPE 
952 |0 0  |1 0  |4 0  |6 CH_863_000000000000000_SCH_1994  |7 0  |8 A  |9 228703  |a BIBEDU  |b BIBEDU  |d 2019-11-15  |i 3005828  |o Ch863 SCH 1994  |p 3005828  |r 2019-11-15  |w 2019-11-15  |y BK  |k EPE